|
|
|
|
| LEADER |
00000cam a2200000 cb4500 |
| 001 |
134712375X |
| 003 |
DE-627 |
| 005 |
20220527131744.0 |
| 007 |
tu |
| 008 |
080211s1969 xx ||||| 00| ||ger c |
| 035 |
|
|
|a (DE-627)134712375X
|
| 035 |
|
|
|a (DE-576)277123755
|
| 035 |
|
|
|a (DE-599)BSZ277123755
|
| 040 |
|
|
|a DE-627
|b ger
|c DE-627
|e rakwb
|
| 041 |
|
|
|a ger
|
| 245 |
0 |
0 |
|a Gangstertum
|b der Fall Al Capone und zehn weitere Kriminalfälle
|c [Hrsg. von Gerhart Herrmann Mostar u. Robert A. Stemmle]
|
| 264 |
|
1 |
|a Lausanne
|b Ed. Rencontre
|c 1969
|
| 300 |
|
|
|a 261 S.
|
| 336 |
|
|
|a Text
|b txt
|2 rdacontent
|
| 337 |
|
|
|a ohne Hilfsmittel zu benutzen
|b n
|2 rdamedia
|
| 338 |
|
|
|a Band
|b nc
|2 rdacarrier
|
| 490 |
1 |
|
|a Kriminal-Report / hrsg. von Gerhart Herrmann Mostar ...
|v [17]
|
| 583 |
1 |
|
|a Archivierung prüfen
|c 20200919
|f DE-640
|z 2
|2 pdager
|
| 830 |
|
0 |
|a Kriminal-Report
|v [17]
|9 17]
|w (DE-627)1347115064
|w (DE-576)27711506X
|7 am
|
| 935 |
|
|
|a mkri
|
| 951 |
|
|
|a MV
|
| ELC |
|
|
|b 1
|
| LOK |
|
|
|0 000 xxxxxcx a22 zn 4500
|
| LOK |
|
|
|0 001 2562960084
|
| LOK |
|
|
|0 003 DE-627
|
| LOK |
|
|
|0 004 134712375X
|
| LOK |
|
|
|0 005 20080211113527
|
| LOK |
|
|
|0 008 080211||||||||||||||||ger|||||||
|
| LOK |
|
|
|0 040
|a DE-Frei85
|c DE-627
|d DE-Frei85
|
| LOK |
|
|
|0 852
|a DE-Frei85
|
| LOK |
|
|
|0 852 1
|m p
|9 00
|
| LOK |
|
|
|0 938
|k p
|
| LOK |
|
|
|0 939
|a 11-02-08
|b l01
|
| ORI |
|
|
|a SA-MARC-krimdoka001.raw
|